[Event "Teresina-ch"]
[Site "Teresina"]
[Date "2024.03.10"]
[Round "6"]
[White "Sales, Luis Carlos"]
[Black "Fernandes Neto, Vitorino Orthiges"]
[Result "1/2-1/2"]
[WhiteElo "1833"]
[BlackElo "1729"]
[PlyCount "40"]
[EventDate "2024.03.07"]
[EventType "swiss"]
[EventRounds "6"]
[EventCountry "BRA"]
[SourceTitle "CB11_2024"]
[SourceDate "2024.03.13"]
[SourceVersion "1"]
[SourceVersionDate "2024.03.13"]
[SourceQuality "1"]

1. e4 c6 2. d4 d5 3. e5 c5 4. dxc5 e6 5. a3 Bxc5 6. Bd3 Ne7 7. Nf3 Ng6 8. b4 Bb6 9. 0-0 a5 10. b5 Nd7 11. Re1 Qc7 12. Bb2 Nc5 13. a4 Nxd3 14. cxd3 Bd7 15. Nbd2 0-0 16. Rc1 Qb8 17. d4 Rc8 18. Nb3 Qa7 19. Qd2 Bd8 20. Ba3 b6 1/2-1/2

[Event "Teresina-ch"]
[Site "Teresina"]
[Date "2024.03.10"]
[Round "5"]
[White "Sousa, Gerson Tajra"]
[Black "Sales, Luis Carlos"]
[Result "1/2-1/2"]
[WhiteElo "1727"]
[BlackElo "1833"]
[PlyCount "61"]
[EventDate "2024.03.07"]
[EventType "swiss"]
[EventRounds "6"]
[EventCountry "BRA"]
[SourceTitle "CB11_2024"]
[SourceDate "2024.03.13"]
[SourceVersion "1"]
[SourceVersionDate "2024.03.13"]
[SourceQuality "1"]

1. d4 Nf6 2. Nf3 b6 3. Bg5 Ne4 4. Bh4 Bb7 5. e3 d5 6. Nbd2 Nd7 7. Bd3 Ndf6 8. c3 Qd6 9. Ne5 h6 10. 0-0 g5 11. Bg3 Nxg3 12. fxg3 Bg7 13. Rf2 0-0 14. Qf3 a5 15. Raf1 Ba6 16. c4 c6 17. Qe2 Qc7 18. a4 Rad8 19. h4 Bc8 20. hxg5 hxg5 21. g4 Be6 22. Qf3 Qc8 23. Qh3 Rfe8 24. Rxf6 exf6 25. Qh7+ Kf8 26. Rxf6 Bxf6 27. Bf5 Bxe5 28. dxe5 Bxf5 29. Qh8+ Ke7 30. Qf6+ Kf8 31. Qh8+ 1/2-1/2

[Event "Teresina-ch"]
[Site "Teresina"]
[Date "2024.03.07"]
[Round "1"]
[White "Sales, Luis Carlos"]
[Black "Amorim, Gidelson Ferreira"]
[Result "1-0"]
[WhiteElo "1833"]
[BlackElo "2097"]
[PlyCount "103"]
[EventDate "2024.03.07"]
[EventType "swiss"]
[EventRounds "6"]
[EventCountry "BRA"]
[SourceTitle "CB11_2024"]
[SourceDate "2024.03.13"]
[SourceVersion "1"]
[SourceVersionDate "2024.03.13"]
[SourceQuality "1"]

1. d4 Nf6 2. Nf3 e6 3. Bg5 Be7 4. e3 c5 5. c3 b6 6. Nbd2 Bb7 7. Bd3 d6 8. 0-0 Nbd7 9. Re1 0-0 10. Rc1 e5 11. e4 Re8 12. d5 Nf8 13. Bb5 N6d7 14. Bxe7 Qxe7 15. c4 Ng6 16. Qa4 Red8 17. Bxd7 Rxd7 18. Nf1 Nf4 19. Re3 Rdd8 20. Ng3 g6 21. Qc2 Bc8 22. h3 Rf8 23. Kh2 Bd7 24. Ne2 Nh5 25. g4 Ng7 26. Rg1 a6 27. Ng3 b5 28. b3 Ra7 29. Qd2 f6 30. Rd3 Rb7 31. Qh6 Rf7 32. Nh4 Qf8 33. f3 bxc4 34. bxc4 g5 35. Nhf5 Bxf5 36. gxf5 Rb2+ 37. Kh1 Qb8 38. h4 Rb1 39. Nf1 g4 40. fxg4 Qb4 41. Nd2 Rb2 42. a3 Qa4 43. g5 fxg5 44. Qxd6 Qc2 45. Qd8+ Rf8 46. Qxg5 Rf7 47. Rdg3 Rd7 48. R3g2 Qd3 49. Kh2 Rxd2 50. Rxd2 Qxe4 51. f6 Qxc4 52. fxg7 1-0

[Event "Piaui-ch final"]
[Site "Teresina"]
[Date "2021.11.12"]
[Round "2"]
[White "Neres Da Silva, Marcio"]
[Black "Sales, Luis Carlos"]
[Result "0-1"]
[WhiteElo "1831"]
[BlackElo "1764"]
[PlyCount "77"]
[EventDate "2021.11.11"]
[EventType "tourn"]
[EventRounds "9"]
[EventCountry "BRA"]
[SourceTitle "EXT 2023"]
[Source "ChessBase"]
[SourceDate "2022.10.05"]
[SourceVersion "1"]
[SourceVersionDate "2022.10.05"]
[SourceQuality "1"]

1. e4 e5 2. Nf3 d6 3. d4 exd4 4. Nxd4 Nf6 5. Nc3 Be7 6. g3 Bg4 7. Qd3 Nbd7 8. Bg2 Ne5 9. Qb5+ Qd7 10. Qxb7 0-0 11. h3 Be6 12. Nxe6 fxe6 13. 0-0 a6 14. Qb4 d5 15. Qa4 Qxa4 16. Nxa4 Nxe4 17. f4 Nd7 18. Bxe4 dxe4 19. Re1 Nf6 20. Nc3 Bb4 21. Bd2 Rfd8 22. Rad1 Rd4 23. Nb1 Bc5 24. Kg2 Rad8 25. Kf1 Rc4 26. Bc3 Rxd1 27. Rxd1 Nd5 28. Ke2 Bb6 29. a3 Kf7 30. f5 Nxc3+ 31. Nxc3 exf5 32. Rf1 Ke6 33. Kd2 Rd4+ 34. Kc1 Ke5 35. Ne2 Rd7 36. c3 Be3+ 37. Kb1 f4 38. Nc1 f3 39. Nb3 0-1

[Event "Teresina op 7th"]
[Site "Teresina"]
[Date "2019.08.04"]
[Round "5"]
[White "Dantas, Marcos Dimitri De R"]
[Black "Sales, Luis Carlos"]
[Result "1/2-1/2"]
[WhiteElo "1551"]
[BlackElo "1748"]
[PlyCount "72"]
[EventDate "2019.08.02"]
[EventType "swiss"]
[EventRounds "6"]
[EventCountry "BRA"]
[SourceTitle "EXT 2020"]
[Source "ChessBase"]
[SourceDate "2019.10.17"]
[SourceVersion "1"]
[SourceVersionDate "2019.10.17"]
[SourceQuality "1"]

1. e4 e5 2. Bc4 d6 3. d3 Nf6 4. Nc3 Be7 5. f4 c6 6. Nf3 Bg4 7. f5 d5 8. Bb3 dxe4 9. Bxf7+ Kf8 10. Be6 exf3 11. gxf3 Bh5 12. Qd2 Nd5 13. Qg2 Bh4+ 14. Kf1 Nxc3 15. bxc3 Qe7 16. a4 c5 17. d4 exd4 18. cxd4 Na6 19. Rg1 Bf6 20. Bg5 Bxg5 21. Qxg5 Qxg5 22. Rxg5 Bxf3 23. Kf2 h6 24. Rg3 Bh5 25. Rag1 Rh7 26. f6 g5 27. h4 Rf7 28. Bxf7 Kxf7 29. hxg5 hxg5 30. Rxg5 Kxf6 31. Rxh5 cxd4 32. Rgh1 Rc8 33. Rh6+ Kg5 34. R1h5+ Kg4 35. Rh4+ Kg5 36. R4h5+ Kg4 1/2-1/2

[Event "Teresina op 7th"]
[Site "Teresina"]
[Date "2019.08.02"]
[Round "2"]
[White "Sales, Luis Carlos"]
[Black "Cunha, Charles Da Costa"]
[Result "1/2-1/2"]
[WhiteElo "1748"]
[BlackElo "1801"]
[PlyCount "41"]
[EventDate "2019.08.02"]
[EventType "swiss"]
[EventRounds "6"]
[EventCountry "BRA"]
[SourceTitle "EXT 2020"]
[Source "ChessBase"]
[SourceDate "2019.10.17"]
[SourceVersion "1"]
[SourceVersionDate "2019.10.17"]
[SourceQuality "1"]

1. d4 Nf6 2. Nf3 e6 3. Bg5 Be7 4. Nbd2 0-0 5. e4 d6 6. Bd3 Nbd7 7. 0-0 e5 8. c3 Re8 9. Re1 h6 10. Bh4 b6 11. h3 Bb7 12. Nh2 Nh7 13. Bg3 Bg5 14. Ng4 exd4 15. cxd4 c5 16. d5 Nhf6 17. Nc4 b5 18. Nxf6+ gxf6 19. Ne3 c4 20. Bc2 Bc8 21. Qg4 1/2-1/2

[Event "BRA-ch North-Northeast U1800"]
[Site "Fortaleza"]
[Date "2019.04.28"]
[Round "5.3"]
[White "Almeida Silva, Emiliano Piskator"]
[Black "Sales, Luis Carlos"]
[Result "1-0"]
[WhiteElo "1685"]
[BlackElo "1720"]
[PlyCount "79"]
[EventDate "2019.04.26"]
[EventType "swiss"]
[EventRounds "6"]
[EventCountry "BRA"]
[SourceTitle "EXT 2022"]
[Source "ChessBase"]
[SourceDate "2021.10.06"]
[SourceVersion "1"]
[SourceVersionDate "2021.10.06"]
[SourceQuality "1"]

1. Nf3 d5 2. g3 Nf6 3. Bg2 e6 4. 0-0 b6 5. d3 Bb7 6. e4 dxe4 7. Ng5 Nc6 8. Nxe4 Nxe4 9. Bxe4 Rb8 10. c3 Na5 11. Qf3 Be7 12. Bf4 0-0 13. b4 Bxe4 14. dxe4 Nc4 15. Rd1 Qc8 16. Nd2 Nd6 17. Nb3 Qb7 18. Nd4 Nxe4 19. Bxc7 Qxc7 20. Qxe4 Qxc3 21. Nc6 Rbe8 22. Rac1 Qa3 23. Rc2 Qa4 24. Rd7 Bf6 25. Rxa7 Qb5 26. a4 Qh5 27. b5 Qd1+ 28. Kg2 g6 29. Rb7 Bd8 30. Rc4 f5 31. Qd4 Qxd4 32. Rxd4 Bf6 33. Rdd7 h5 34. Rxb6 Ra8 35. a5 Rf7 36. Rxf7 Kxf7 37. Rb7+ Ke8 38. a6 Bd8 39. a7 Bc7 40. Rxc7 1-0

[Event "BRA-ch North-Northeast U1800"]
[Site "Fortaleza"]
[Date "2019.04.27"]
[Round "4.4"]
[White "Silva, Caio Marques"]
[Black "Sales, Luis Carlos"]
[Result "0-1"]
[WhiteElo "1678"]
[BlackElo "1720"]
[PlyCount "122"]
[EventDate "2019.04.26"]
[EventType "swiss"]
[EventRounds "6"]
[EventCountry "BRA"]
[SourceTitle "EXT 2022"]
[Source "ChessBase"]
[SourceDate "2021.10.06"]
[SourceVersion "1"]
[SourceVersionDate "2021.10.06"]
[SourceQuality "1"]

1. c4 e5 2. Nc3 c5 3. g3 Nf6 4. Bg2 d6 5. d3 Nc6 6. Nf3 Be7 7. 0-0 0-0 8. Nd2 Bd7 9. Nde4 Nxe4 10. Nxe4 Qc8 11. Re1 Bg4 12. Nc3 Nd4 13. Nd5 Bd8 14. Bd2 Qd7 15. Ne3 Bh3 16. Nd5 Bxg2 17. Kxg2 f5 18. e3 Ne6 19. f4 g5 20. Rf1 Qg7 21. Bc3 gxf4 22. exf4 Nd4 23. Bxd4 cxd4 24. Qf3 Ba5 25. b4 Bd8 26. a4 Rb8 27. a5 b5 28. axb6 Bxb6 29. Ra6 Rb7 30. Rfa1 Re8 31. Re1 Rbb8 32. Qh5 Qf7 33. Qf3 Qg6 34. fxe5 dxe5 35. c5 e4 36. dxe4 fxe4 37. Qf6 Qg4 38. Qxd4 Qf3+ 39. Kg1 Bd8 40. Rxa7 Qg4 41. Qc4 Kh8 42. Nf4 Qf5 43. Rd1 e3 44. Re1 Re4 45. Qc3+ Bf6 46. Qd3 Rbe8 47. Qb5 Bd4 48. Re2 Rxf4 49. gxf4 Qg4+ 50. Kh1 Qf3+ 51. Rg2 Rg8 52. Qe2 Rxg2 53. Qxg2 Qd1+ 54. Qg1 Qxg1+ 55. Kxg1 e2+ 56. Kg2 e1Q 57. Ra8+ Kg7 58. Rb8 Kg6 59. Rg8+ Kf7 60. Rb8 Qf2+ 61. Kh3 Qf3+ 0-1

[Event "BRA-ch North-Northeast U1800"]
[Site "Fortaleza"]
[Date "2019.04.26"]
[Round "1.7"]
[White "Sales, Luis Carlos"]
[Black "De Souza, Paulo H Pinheiro"]
[Result "1-0"]
[WhiteElo "1720"]
[BlackElo "1630"]
[PlyCount "61"]
[EventDate "2019.04.26"]
[EventType "swiss"]
[EventRounds "6"]
[EventCountry "BRA"]
[SourceTitle "EXT 2022"]
[Source "ChessBase"]
[SourceDate "2021.10.06"]
[SourceVersion "1"]
[SourceVersionDate "2021.10.06"]
[SourceQuality "1"]

1. d4 d5 2. Nf3 Nf6 3. Bg5 e6 4. Nbd2 Be7 5. e3 0-0 6. c4 Nbd7 7. c5 c6 8. b4 a5 9. b5 cxb5 10. Bxb5 Nb8 11. Ne5 Bd7 12. Nxd7 Nfxd7 13. Bf4 Nc6 14. Nf3 Rc8 15. Qa4 Nf6 16. 0-0 Nh5 17. Bxc6 Rxc6 18. Ne5 Ra6 19. Rab1 Nxf4 20. exf4 Qc7 21. Rb5 f6 22. Nd3 Qc6 23. Rfb1 Rb8 24. Qd1 Bd8 25. Qe2 Bc7 26. a4 Bd8 27. f5 Qd7 28. Nf4 exf5 29. Rxb7 Rxb7 30. Rxb7 Bc7 31. Rxc7 1-0

[Event "Joao Pessoa Fischer Memorial 10th"]
[Site "Joao Pessoa"]
[Date "2019.03.31"]
[Round "6"]
[White "Marques, Eudes Pinto"]
[Black "Sales, Luis Carlos"]
[Result "1-0"]
[WhiteElo "1920"]
[BlackElo "1709"]
[PlyCount "71"]
[EventDate "2019.03.29"]
[EventType "swiss"]
[EventRounds "6"]
[EventCountry "BRA"]
[SourceTitle "CBM 190 Extra"]
[Source "ChessBase"]
[SourceDate "2019.07.15"]
[SourceVersion "1"]
[SourceVersionDate "2019.07.15"]
[SourceQuality "1"]

1. c4 c5 2. Nc3 b6 3. e4 Bb7 4. d3 e5 5. g3 Nf6 6. Bg2 Be7 7. Nge2 0-0 8. 0-0 Nc6 9. Nd5 Nxd5 10. cxd5 Nd4 11. Nxd4 cxd4 12. f4 d6 13. f5 Bg5 14. Qg4 f6 15. Bxg5 fxg5 16. Rf2 Ba6 17. Bf1 Rc8 18. h4 gxh4 19. gxh4 Rf6 20. Rg2 Qe7 21. h5 Rc7 22. Rd1 Bb5 23. Qg5 Be8 24. h6 g6 25. Rdd2 Kh8 26. Rdf2 Bf7 27. Rc2 Rc5 28. b4 Rc3 29. Rcf2 Rc7 30. Kh1 Kg8 31. Rg3 Kh8 32. Bh3 Rb7 33. Rc2 Bg8 34. Rc8 Rf8 35. Qxe7 Rxe7 36. Rxf8 1-0

[Event "Joao Pessoa Fischer Memorial 10th"]
[Site "Joao Pessoa"]
[Date "2019.03.29"]
[Round "2"]
[White "Costa Junior, Adriano"]
[Black "Sales, Luis Carlos"]
[Result "0-1"]
[WhiteElo "1229"]
[BlackElo "1709"]
[PlyCount "59"]
[EventDate "2019.03.29"]
[EventType "swiss"]
[EventRounds "6"]
[EventCountry "BRA"]
[SourceTitle "CBM 190 Extra"]
[Source "ChessBase"]
[SourceDate "2019.07.15"]
[SourceVersion "1"]
[SourceVersionDate "2019.07.15"]
[SourceQuality "1"]

1. e4 c5 2. d4 cxd4 3. Qxd4 Qc7 4. Nc3 e5 5. Qd5 Nf6 6. Qd1 Bb4 7. Bd3 Bxc3+ 8. bxc3 Qxc3+ 9. Bd2 Qc6 10. Qf3 d6 11. Nh3 Bg4 12. Qg3 0-0 13. f3 Bh5 14. Bh6 Bg6 15. Bg5 Qc3+ 16. Kf2 Nbd7 17. Rhf1 h6 18. Be3 Nc5 19. Kg1 Nxd3 20. cxd3 Qxd3 21. Rfe1 Qa3 22. Qf2 Rfc8 23. Rac1 Rc6 24. Kh1 Rac8 25. Qd2 Rxc1 26. Rxc1 Rxc1+ 27. Qxc1 Qxc1+ 28. Bxc1 Kf8 29. Nf2 Ke7 30. Bd2 0-1

[Event "Teresina-ch"]
[Site "Teresina"]
[Date "2019.03.17"]
[Round "5.6"]
[White "Lopes Pereira, Eder"]
[Black "Sales, Luis Carlos"]
[Result "1-0"]
[WhiteElo "1854"]
[BlackElo "1709"]
[PlyCount "80"]
[EventDate "2019.03.15"]
[EventType "swiss"]
[EventRounds "5"]
[EventCountry "BRA"]
[SourceTitle "EXT 2022"]
[Source "ChessBase"]
[SourceDate "2021.10.06"]
[SourceVersion "1"]
[SourceVersionDate "2021.10.06"]
[SourceQuality "1"]

1. Nf3 d5 2. g3 Nf6 3. Bg2 c5 4. d3 Nc6 5. 0-0 e6 6. Nbd2 Qb6 7. Re1 Be7 8. e4 0-0 9. b3 Re8 10. Bb2 h6 11. Bxf6 Bxf6 12. e5 Be7 13. h4 Qc7 14. a3 b5 15. c3 Bb7 16. Qe2 Bf8 17. Nh2 Ne7 18. Ndf3 Red8 19. g4 Ng6 20. Qd2 Qe7 21. g5 h5 22. d4 Rac8 23. Nf1 b4 24. cxb4 cxb4 25. axb4 Qxb4 26. Rxa7 Qxb3 27. Re3 Qb6 28. Qa2 Ra8 29. Rxa8 Rxa8 30. Qb3 Qa6 31. Ng3 Bc6 32. Bf1 Qa1 33. Re1 Qa5 34. Nxh5 Nxh4 35. Nxh4 Qxe1 36. g6 Qe4 37. Qh3 Ra3 38. f3 Qe3+ 39. Kh1 Qxd4 40. Nf5 Qxe5 1-0

[Event "Teresina-ch"]
[Site "Teresina"]
[Date "2019.03.16"]
[Round "2.9"]
[White "Sales, Luis Carlos"]
[Black "Silva, Ramon Domingos Cunh"]
[Result "1-0"]
[WhiteElo "1709"]
[BlackElo "1891"]
[PlyCount "67"]
[EventDate "2019.03.15"]
[EventType "swiss"]
[EventRounds "5"]
[EventCountry "BRA"]
[SourceTitle "EXT 2022"]
[Source "ChessBase"]
[SourceDate "2021.10.06"]
[SourceVersion "1"]
[SourceVersionDate "2021.10.06"]
[SourceQuality "1"]

1. d4 d5 2. Nf3 e6 3. c4 Nf6 4. Bg5 h6 5. Bh4 Be7 6. c5 0-0 7. b4 c6 8. e3 Ne4 9. Bxe7 Qxe7 10. Bd3 f5 11. 0-0 Nd7 12. Qb3 Qf6 13. Nc3 e5 14. Bxe4 fxe4 15. Nxe4 Qg6 16. Nd6 Rxf3 17. Kh1 Rf8 18. e4 Qe6 19. Rad1 Nf6 20. exd5 Qxd5 21. dxe5 Qxb3 22. axb3 Nd5 23. Rd4 Nc3 24. Rg1 Rxf2 25. Re4 Nd5 26. Rge1 a5 27. bxa5 Bf5 28. Ra4 Ra7 29. Kg1 Rb2 30. Nxf5 Rxb3 31. Rg4 Rxa5 32. Rxg7+ Kf8 33. e6 Nf6 34. Rf7+ 1-0

[Event "Luiz Rego Memorial 6th"]
[Site "Teresina"]
[Date "2018.08.04"]
[Round "3"]
[White "Sales, Luis Carlos"]
[Black "Pontes, Israel Fellip"]
[Result "0-1"]
[WhiteElo "1717"]
[BlackElo "1940"]
[PlyCount "102"]
[EventDate "2018.08.03"]
[EventType "swiss"]
[EventRounds "6"]
[EventCountry "BRA"]
[SourceTitle "CBM 186 Extra"]
[Source "ChessBase"]
[SourceDate "2018.08.24"]
[SourceVersion "1"]
[SourceVersionDate "2018.08.24"]
[SourceQuality "1"]

1. d4 d5 2. Nf3 Nf6 3. Bg5 Nbd7 4. Nbd2 e6 5. e3 Be7 6. Bd3 c5 7. c3 Qc7 8. 0-0 0-0 9. Rc1 c4 10. Bb1 Re8 11. Re1 Bd6 12. e4 dxe4 13. Nxe4 Nxe4 14. Rxe4 Nf8 15. Qd2 f5 16. Re2 Bd7 17. Ne5 Bxe5 18. Rxe5 b6 19. Rce1 Ng6 20. R5e2 Qd6 21. f3 h6 22. Be3 Qf8 23. Bf2 Qf6 24. Bg3 Bc6 25. Be5 Qf7 26. Qe3 Rad8 27. Qf2 Rd5 28. Qg3 b5 29. a3 a5 30. Ba2 f4 31. Qg4 Nxe5 32. Rxe5 Rxe5 33. Rxe5 Bd5 34. Bb1 Rb8 35. Be4 b4 36. Bxd5 exd5 37. axb4 axb4 38. cxb4 Rxb4 39. Qc8+ Kh7 40. Re2 Qg6 41. Kf2 Qb1 42. Qe6 Rxb2 43. Qxd5 Rxe2+ 44. Kxe2 Qd3+ 45. Ke1 c3 46. Qe4+ Qxe4+ 47. fxe4 g5 48. d5 Kg7 49. d6 Kf7 50. Ke2 g4 51. Kd3 f3 0-1

[Event "Teresina-ch"]
[Site "Teresina"]
[Date "2018.03.17"]
[Round "2.6"]
[White "Sales, Luis Carlos"]
[Black "Da Silva, Jose Gomes"]
[Result "1-0"]
[WhiteElo "1702"]
[BlackElo "1689"]
[PlyCount "101"]
[EventDate "2018.03.15"]
[EventType "swiss"]
[EventRounds "5"]
[EventCountry "BRA"]
[SourceTitle "EXT 2022"]
[Source "ChessBase"]
[SourceDate "2021.10.06"]
[SourceVersion "1"]
[SourceVersionDate "2021.10.06"]
[SourceQuality "1"]

1. d4 d5 2. Nf3 c6 3. Bf4 Qb6 4. Qc1 Nf6 5. g3 Bf5 6. c3 e6 7. Bg2 Nbd7 8. 0-0 Be7 9. Nbd2 0-0 10. Re1 c5 11. e3 Ne4 12. Nxe4 Bxe4 13. g4 Rfd8 14. Bg3 h6 15. Qd2 Rac8 16. h3 Bh7 17. Nh2 cxd4 18. exd4 Nf8 19. Nf1 Ng6 20. Ne3 Bd6 21. Nf1 Qc7 22. Kh2 Bxg3+ 23. Nxg3 Nf4 24. Bf1 h5 25. gxh5 Nxh5 26. Re5 Nxg3 27. fxg3 Be4 28. Be2 g6 29. Qh6 Qe7 30. Rg5 Qf8 31. Qxf8+ Rxf8 32. Rg4 Kg7 33. Rf4 Rh8 34. Raf1 Rcf8 35. g4 g5 36. Rf6 Rh6 37. Rxh6 Kxh6 38. c4 f5 39. c5 Kg6 40. b4 Kf6 41. b5 e5 42. gxf5 exd4 43. Bg4 d3 44. c6 bxc6 45. bxc6 Rc8 46. Rc1 Bxf5 47. Rf1 Rxc6 48. Rxf5+ Kg6 49. Rxd5 Rc2+ 50. Kg3 d2 51. Bf5+ 1-0

[Event "Brasilia Terraviva op"]
[Site "Brasilia"]
[Date "2018.01.14"]
[Round "6"]
[White "Alboredo, Julia"]
[Black "Sales, Luis Carlos"]
[Result "1-0"]
[WhiteElo "2138"]
[BlackElo "1736"]
[PlyCount "105"]
[EventDate "2018.01.11"]
[EventType "swiss"]
[EventRounds "7"]
[EventCountry "BRA"]
[SourceTitle "CBM 182 Extra"]
[Source "ChessBase"]
[SourceDate "2018.02.23"]
[SourceVersion "1"]
[SourceVersionDate "2018.02.23"]
[SourceQuality "1"]

1. e4 e5 2. Nf3 d6 3. d4 exd4 4. Nxd4 Nf6 5. Nc3 Be7 6. Be2 0-0 7. 0-0 a6 8. a4 Bd7 9. Be3 Nc6 10. f4 Nxd4 11. Bxd4 c5 12. Be3 Qc7 13. Bf3 Bc6 14. a5 Rfe8 15. Re1 Bf8 16. Bf2 Rad8 17. Qd3 Re7 18. Bh4 Red7 19. Bxf6 gxf6 20. Nd5 Bxd5 21. exd5 Re7 22. Be4 h6 23. c4 Rde8 24. f5 Kh7 25. g4 Bg7 26. Kf2 Rh8 27. h4 Kg8 28. Qc3 Qd8 29. Qf3 Kf8 30. Ra3 Qc7 31. Ree3 Qd8 32. Reb3 Qe8 33. Bc2 Rc7 34. Re3 Re7 35. Rxe7 Qxe7 36. Re3 Qd7 37. Qe2 h5 38. gxh5 Bh6 39. Rg3 Rg8 40. Ra3 Kg7 41. Rg3+ Kh7 42. Rxg8 Kxg8 43. Qg4+ Kh7 44. Qe2 Bf4 45. Qe6 Qc7 46. Qxf6 Be5 47. Qg5 f6 48. Qg6+ Kh8 49. h6 Qe7 50. b3 Bc3 51. Be4 Bxa5 52. h7 Bc3 53. Qg8# 1-0

[Event "Brasilia Terraviva op"]
[Site "Brasilia"]
[Date "2018.01.12"]
[Round "2"]
[White "Sales, Luis Carlos"]
[Black "Januario, Severino Pereira"]
[Result "0-1"]
[WhiteElo "1736"]
[BlackElo "2207"]
[PlyCount "92"]
[EventDate "2018.01.11"]
[EventType "swiss"]
[EventRounds "7"]
[EventCountry "BRA"]
[SourceTitle "CBM 182 Extra"]
[Source "ChessBase"]
[SourceDate "2018.02.23"]
[SourceVersion "1"]
[SourceVersionDate "2018.02.23"]
[SourceQuality "1"]

1. d4 Nf6 2. Nf3 c5 3. e3 e6 4. Be2 Be7 5. 0-0 0-0 6. Nbd2 Nc6 7. b3 a6 8. Bb2 b6 9. c4 Bb7 10. a3 Rc8 11. Rc1 Re8 12. Re1 d6 13. Bd3 Qc7 14. Ne4 Nb8 15. Nxf6+ Bxf6 16. e4 Nd7 17. Bb1 Red8 18. Qe2 e5 19. d5 Nf8 20. Rcd1 Rb8 21. Bd3 Bc8 22. Bc1 Qe7 23. Be3 Bg4 24. h3 Bxf3 25. Qxf3 Bg5 26. Qg4 h6 27. h4 Bxh4 28. Bxh6 Bxf2+ 29. Kxf2 Qf6+ 30. Ke2 Qxh6 31. Rh1 Qg6 32. Qh3 f6 33. Rdf1 Re8 34. Rf5 Nh7 35. Kd1 Ng5 36. Qe3 Kf7 37. Be2 Rh8 38. Rhf1 Ke7 39. Bg4 Rh4 40. Bf3 Rbh8 41. b4 Rh1 42. Qe1 Rxf1 43. Qxf1 Rh2 44. bxc5 bxc5 45. Qe1 Nxf3 46. Rxf3 Qxg2 0-1